000 00311nam a22001217a 4500
008 171104b xxu||||| |||| 00| 0 eng d
041 _aeng
080 _a330.722.6
100 _a61
101 _aKON
245 _aACCOUNTING, AUDITING AND TAXATION IN THE RUSSIAN FEDERATION
_cENTHOVEN, A.J.H
942 _2udc
_cBK
999 _c37655
_d37655